| 000 | 00906 a2200169 4500 | ||
|---|---|---|---|
| 003 | Nust | ||
| 005 | 20230126092955.0 | ||
| 040 | _cNust | ||
| 082 | _a910.9,KEY | ||
| 100 |
_a Key, Charles E. _9107693 |
||
| 245 |
_aThe story of twentieth-century exploration / _cCharles E. Key. |
||
| 260 |
_aNew York, _b A.A. Knopf, _c1938. |
||
| 300 |
_ax, [xiii]-xiv, 310, x p _b., 1 l. illus. (maps _c 23 cm. |
||
| 505 | _aExploring the Amazon (Page-13), Through the Wastes of Asia (Page-42), The Conquest of the North Pole (Page-84), Among the Head Hunters (Page-103), Across the Heart of Australia (Page-122), The Home of the Blizzard (Page-128), The Roof of the World (Page-152), New Light on the Dark Continent (Page-170), The Conquest of the South Pole (Page-192), Greenland’s Icy Mountains (Page-220), The Summit of The Earth (Page-263). | ||
| 650 |
_a century exploration _9107694 |
||
| 942 |
_2ddc _cBK |
||
| 999 |
_c186234 _d186234 |
||